God's heart, God's hands / (Record no. 3816)
[ view plain ]
| 000 -LEADER | |
|---|---|
| fixed length control field | 00943nam a2200301 a 4500 |
| 001 - CONTROL NUMBER | |
| control field | 1204478 |
| 003 - CONTROL NUMBER IDENTIFIER | |
| control field | GBCCL |
| 005 - DATE AND TIME OF LATEST TRANSACTION | |
| control field | 20241126110504.0 |
| 008 - FIXED-LENGTH DATA ELEMENTS--GENERAL INFORMATION | |
| fixed length control field | 980227r1998 alu b 000 0 eng d |
| 010 ## - | |
| -- | 98134875 |
| 020 ## - INTERNATIONAL STANDARD BOOK NUMBER | |
| International Standard Book Number | 1563092611 |
| 035 ## - SYSTEM CONTROL NUMBER | |
| System control number | (OCoLC)38524396 |
| 040 ## - CATALOGING SOURCE | |
| Original cataloging agency | ViRSBF |
| Transcribing agency | ViRSBF |
| Modifying agency | DLC |
| 042 ## - | |
| -- | lccopycat |
| 050 00 - | |
| -- | BV4527 |
| -- | .G457 1998 |
| 082 00 - DEWEY DECIMAL CLASSIFICATION NUMBER | |
| Classification number | 248.843 |
| Edition information | 21 |
| Item number | GEO |
| 100 1# - MAIN ENTRY--PERSONAL NAME | |
| Personal name | George, Denise. |
| 9 (RLIN) | 7510 |
| 245 10 - TITLE STATEMENT | |
| Title | God's heart, God's hands / |
| Statement of responsibility, etc. | Denise George. |
| 260 ## - PUBLICATION, DISTRIBUTION, ETC. | |
| Place of publication, distribution, etc. | Birmingham, Ala. : |
| Name of publisher, distributor, etc. | New Hope, |
| Date of publication, distribution, etc. | c1998. |
| 300 ## - PHYSICAL DESCRIPTION | |
| Extent | 149 p. ; |
| Dimensions | 22 cm. |
| 500 ## - GENERAL NOTE | |
| General note | Originally published: LifeWay Press. |
| 504 ## - BIBLIOGRAPHY, ETC. NOTE | |
| Bibliography, etc. note | Includes bibliographical references. |
| 650 #0 - SUBJECT ADDED ENTRY--TOPICAL TERM | |
| Topical term or geographic name entry element | Christian women |
| General subdivision | Religious life. |
| 9 (RLIN) | 3732 |
| 650 #0 - SUBJECT ADDED ENTRY--TOPICAL TERM | |
| Topical term or geographic name entry element | Women in the Bible. |
| 9 (RLIN) | 1872 |
| 906 ## - LOCAL DATA ELEMENT F, LDF (RLIN) | |
| a | 7 |
| b | cbc |
| c | copycat |
| d | 2 |
| e | ncip |
| f | 19 |
| g | y-gencatlg |
| 942 ## - ADDED ENTRY ELEMENTS (KOHA) | |
| Source of classification or shelving scheme | Dewey Decimal Classification |
| Koha item type | Books |
| Withdrawn status | Lost status | Source of classification or shelving scheme | Damaged status | Not for loan | Home library | Current Library | Shelving location | Date acquired | Total checkouts | Full call number | Barcode | Date last seen | Copy number | Price effective from | Koha item type |
|---|---|---|---|---|---|---|---|---|---|---|---|---|---|---|---|
| Dewey Decimal Classification | GRACE BIBLE COLLEGE | GRACE BIBLE COLLEGE | Ministry & Mission | 2017-12-13 | 248.843 GEO | 010088 | 2025-05-01 | c.1 | 2017-12-13 | Books |